[Event "DEM U12 2025"]
[Site "Willingen GER"]
[Date "2025.06.11"]
[Round "5"]
[White "Nikonenko, Tymofii"]
[Black "Baumann, Simon"]
[Result "1-0"]
[Termination "normal"]
[Board "31"]
[WhiteElo "1495"]
[BlackElo "1713"]
[WhiteClock "01:14:57"]
[BlackClock "00:36:17"]
[PlyCount "57"]
[WhiteFideId "34166246"]
[BlackFideId "34643664"]
[EventCountry "GER"]
[EventRounds "9"]
[EventType "swiss"]
[EventDate "2025.06.07"]

1. d4 {[%clk 01:30:49]} {[%emt 00:00:10]} d5 {[%clk 01:30:57]} {[%emt
00:00:04]} 2. c4 {[%clk 01:31:17]} {[%emt 00:00:02]} dxc4 {[%clk 01:31:25]}
{[%emt 00:00:02]} 3. Nc3 {[%clk 01:31:37]} {[%emt 00:00:10]} Nf6 {[%clk
01:31:36]} {[%emt 00:00:19]} 4. e4 {[%clk 01:32:02]} {[%emt 00:00:05]} a6
{[%clk 01:31:29]} {[%emt 00:00:37]} 5. Bxc4 {[%clk 01:32:10]} {[%emt 00:00:22]}
b5 {[%clk 01:31:46]} {[%emt 00:00:13]} 6. Bd3 {[%clk 01:32:16]} {[%emt
00:00:24]} e6 {[%clk 01:32:05]} {[%emt 00:00:11]} 7. a3 {[%clk 01:32:35]}
{[%emt 00:00:11]} Bb7 {[%clk 01:32:20]} {[%emt 00:00:14]} 8. Nf3 {[%clk
01:32:05]} {[%emt 00:01:00]} c5 {[%clk 01:32:41]} {[%emt 00:00:09]} 9. Be3
{[%clk 01:30:46]} {[%emt 00:01:49]} Nbd7 {[%clk 01:26:44]} {[%emt 00:06:27]}
10. e5 {[%clk 01:30:19]} {[%emt 00:00:58]} Nd5 {[%clk 01:26:47]} {[%emt
00:00:26]} 11. Nxd5 {[%clk 01:30:30]} {[%emt 00:00:19]} Bxd5 {[%clk 01:27:03]}
{[%emt 00:00:14]} 12. O-O {[%clk 01:30:27]} {[%emt 00:00:33]} Be7 {[%clk
01:27:05]} {[%emt 00:00:28]} 13. Nd2 {[%clk 01:30:32]} {[%emt 00:00:25]} Qb6
{[%clk 01:22:48]} {[%emt 00:04:47]} 14. dxc5 {[%clk 01:30:37]} {[%emt
00:00:24]} Bxc5 {[%clk 01:23:04]} {[%emt 00:00:14]} 15. Bxc5 {[%clk 01:30:29]}
{[%emt 00:00:38]} Nxc5 {[%clk 01:23:20]} {[%emt 00:00:15]} 16. Bc2 {[%clk
01:29:52]} {[%emt 00:01:06]} Qb7 {[%clk 01:22:17]} {[%emt 00:01:34]} 17. Qg4
{[%clk 01:29:53]} {[%emt 00:00:28]} O-O {[%clk 01:22:27]} {[%emt 00:00:20]} 18.
Rac1 {[%clk 01:29:11]} {[%emt 00:01:13]} Rac8 {[%clk 01:22:43]} {[%emt
00:00:14]} 19. h4 {[%clk 01:28:01]} {[%emt 00:01:40]} Rc7 {[%clk 01:22:24]}
{[%emt 00:00:49]} 20. Rfe1 {[%clk 01:20:53]} {[%emt 00:07:38]} Qb6 {[%clk
01:11:01]} {[%emt 00:11:53]} 21. Nf1 {[%clk 01:19:43]} {[%emt 00:01:38]} f5
{[%emt 00:08:31]} 22. exf6 {[%clk 01:17:53]} Rxf6 {[%clk 01:00:19]} {[%emt
00:05:32]} 23. Ne3 {[%clk 01:17:10]} {[%emt 00:01:13]} Bb7 {[%clk 00:57:20]}
{[%emt 00:03:29]} 24. Rcd1 {[%clk 01:16:26]} {[%emt 00:01:13]} Rcf7 {[%clk
00:57:32]} {[%emt 00:00:18]} 25. Re2 {[%clk 01:16:06]} {[%emt 00:00:51]} Nd7
{[%clk 00:45:08]} {[%emt 00:12:53]} 26. Red2 {[%clk 01:16:00]} {[%emt
00:00:38]} Qc6 {[%clk 00:45:00]} {[%emt 00:00:38]} 27. h5 {[%clk 01:15:41]}
{[%emt 00:00:49]} Qc7 {[%clk 00:37:08]} {[%emt 00:08:22]} 28. Bb3 {[%clk
01:14:58]} {[%emt 00:01:13]} Qc6 {[%clk 00:36:17]} {[%emt 00:01:21]} 29. Rd6
{[%clk 01:14:57]} {[%emt 00:00:30]} 1-0

[Event "DEM U12 2025"]
[Site "Willingen GER"]
[Date "2025.06.11"]
[Round "5"]
[White "Hübner, Paul"]
[Black "Betz, Niclas"]
[Result "0-1"]
[Termination "normal"]
[Board "32"]
[WhiteElo "1849"]
[BlackElo "1678"]
[WhiteClock "00:27:33"]
[BlackClock "00:44:13"]
[PlyCount "84"]
[WhiteFideId "34684115"]
[BlackFideId "34616748"]
[EventCountry "GER"]
[EventRounds "9"]
[EventType "swiss"]
[EventDate "2025.06.07"]

1. d4 {[%clk 01:30:58]} {[%emt 00:00:02]} Nf6 {[%clk 01:30:54]} {[%emt
00:00:07]} 2. Nf3 {[%clk 01:31:19]} {[%emt 00:00:08]} g6 {[%clk 01:31:18]}
{[%emt 00:00:07]} 3. Bf4 {[%clk 01:31:39]} {[%emt 00:00:10]} Bg7 {[%clk
01:31:38]} {[%emt 00:00:09]} 4. Nbd2 {[%clk 01:32:00]} {[%emt 00:00:10]} d6
{[%clk 01:31:41]} {[%emt 00:00:27]} 5. e4 {[%clk 01:32:20]} {[%emt 00:00:11]}
Nbd7 {[%clk 01:30:59]} {[%emt 00:01:13]} 6. h3 {[%clk 01:32:38]} {[%emt
00:00:12]} b6 {[%clk 01:31:06]} {[%emt 00:00:23]} 7. Bc4 {[%clk 01:32:23]}
{[%emt 00:00:45]} Bb7 {[%clk 01:30:19]} {[%emt 00:01:17]} 8. Qe2 {[%clk
01:30:36]} {[%emt 00:02:16]} O-O {[%clk 01:28:44]} {[%emt 00:02:05]} 9. e5
{[%clk 01:29:10]} {[%emt 00:01:56]} dxe5 {[%clk 01:27:00]} {[%emt 00:02:15]}
10. dxe5 {[%clk 01:29:13]} {[%emt 00:00:27]} Nd5 {[%clk 01:27:02]} {[%emt
00:00:28]} 11. Bh2 {[%clk 01:28:13]} {[%emt 00:01:29]} e6 {[%clk 01:22:59]}
{[%emt 00:04:33]} 12. O-O {[%clk 01:25:32]} {[%emt 00:03:12]} Kh8 {[%clk
01:22:56]} {[%emt 00:00:33]} 13. c3 {[%clk 01:24:11]} {[%emt 00:01:50]} Qe7
{[%clk 01:16:14]} {[%emt 00:07:12]} 14. Nb3 {[%clk 01:21:35]} {[%emt 00:03:07]}
c5 {[%clk 01:15:47]} {[%emt 00:00:57]} 15. Nbd2 {[%clk 01:18:54]} {[%emt
00:03:10]} Nc7 {[%clk 01:14:45]} {[%emt 00:01:34]} 16. Rfd1 {[%clk 01:16:24]}
{[%emt 00:02:58]} b5 {[%clk 01:14:58]} {[%emt 00:00:20]} 17. Bxb5 {[%clk
01:16:27]} {[%emt 00:00:27]} Nxb5 {[%clk 01:14:49]} {[%emt 00:00:38]} 18. Qxb5
{[%clk 01:16:44]} {[%emt 00:00:13]} Rab8 {[%clk 01:14:49]} {[%emt 00:00:31]}
19. Qa4 {[%clk 01:16:17]} {[%emt 00:00:55]} a6 {[%clk 01:04:04]} {[%emt
00:11:16]} 20. Rab1 {[%clk 01:13:30]} {[%emt 00:03:18]} Nb6 {[%clk 01:04:21]}
{[%emt 00:00:13]} 21. Qa5 {[%clk 01:12:04]} {[%emt 00:01:56]} Rfd8 {[%clk
01:03:35]} {[%emt 00:01:16]} 22. Qxb6 {[%clk 01:08:51]} {[%emt 00:03:42]} Bxf3
{[%clk 01:03:57]} {[%emt 00:00:08]} 23. Qxa6 {[%clk 01:06:57]} {[%emt
00:02:23]} Bxd1 {[%clk 01:03:25]} {[%emt 00:01:02]} 24. Rxd1 {[%clk 01:05:45]}
{[%emt 00:01:42]} Rxb2 {[%clk 01:03:46]} {[%emt 00:00:10]} 25. Bf4 {[%clk
01:03:37]} {[%emt 00:02:37]} g5 {[%clk 01:03:55]} {[%emt 00:00:21]} 26. Be3
{[%clk 01:01:14]} {[%emt 00:02:53]} Bxe5 {[%clk 01:03:58]} {[%emt 00:00:29]}
27. Qa3 {[%emt 00:07:16]} Rb5 {[%clk 00:57:44]} 28. Qa4 {[%clk 00:59:35]}
{[%emt 00:02:04]} Qd7 {[%clk 00:57:25]} {[%emt 00:00:50]} 29. Bxg5 {[%clk
00:52:10]} {[%emt 00:07:55]} f6 {[%clk 00:57:12]} {[%emt 00:00:43]} 30. Be3
{[%clk 00:50:03]} {[%emt 00:02:36]} Bxc3 {[%clk 00:57:28]} {[%emt 00:00:15]}
31. Qc2 {[%clk 00:47:01]} {[%emt 00:03:31]} Qd3 {[%clk 00:56:27]} {[%emt
00:01:31]} 32. Qa4 {[%clk 00:37:45]} {[%emt 00:09:45]} Rb2 {[%clk 00:55:28]}
{[%emt 00:01:30]} 33. Qf4 {[%clk 00:36:35]} {[%emt 00:01:41]} Qd6 {[%clk
00:51:33]} {[%emt 00:04:24]} 34. Qh6 {[%clk 00:35:43]} {[%emt 00:01:24]} Qe7
{[%clk 00:51:37]} {[%emt 00:00:25]} 35. Kf1 {[%clk 00:33:14]} {[%emt 00:03:00]}
Rxa2 {[%clk 00:49:38]} {[%emt 00:02:30]} 36. Ke1 {[%clk 00:31:08]} {[%emt
00:02:35]} Rda8 {[%clk 00:44:46]} {[%emt 00:05:23]} 37. Qh5 {[%clk 00:29:40]}
{[%emt 00:01:57]} Ra1 {[%clk 00:43:07]} {[%emt 00:02:09]} 38. Bxc5 {[%clk
00:29:05]} {[%emt 00:01:05]} Rxd1+ {[%clk 00:43:20]} {[%emt 00:00:18]} 39. Kxd1
{[%clk 00:28:44]} {[%emt 00:00:51]} Qd7 {[%clk 00:43:36]} {[%emt 00:00:14]} 40.
Be3 {[%clk 00:28:33]} {[%emt 00:00:39]} Qd3 {[%clk 00:43:19]} {[%emt 00:00:48]}
41. Kc1 {[%clk 00:27:26]} {[%emt 00:01:37]} Ra1+ {[%clk 00:43:45]} {[%emt
00:00:04]} 42. Nb1 {[%clk 00:27:33]} {[%emt 00:00:24]} Rxb1# {[%clk 00:44:13]}
{[%emt 00:00:01]} 0-1

[Event "DEM U12 2025"]
[Site "Willingen GER"]
[Date "2025.06.11"]
[Round "5"]
[White "Gusev, Daniil"]
[Black "Serwane, Ruben"]
[Result "1-0"]
[Termination "normal"]
[Board "33"]
[WhiteElo "1890"]
[BlackElo "1854"]
[WhiteClock "00:04:11"]
[BlackClock "00:17:19"]
[PlyCount "87"]
[WhiteFideId "55683886"]
[BlackFideId "34660232"]
[EventCountry "GER"]
[EventRounds "9"]
[EventType "swiss"]
[EventDate "2025.06.07"]

1. e4 {[%clk 01:30:53]} {[%emt 00:00:06]} e5 {[%clk 01:30:43]} {[%emt
00:00:17]} 2. Nf3 {[%clk 01:31:19]} {[%emt 00:00:04]} Nc6 {[%clk 01:30:32]}
{[%emt 00:00:41]} 3. Bb5 {[%clk 01:31:36]} {[%emt 00:00:13]} a6 {[%clk
01:30:10]} {[%emt 00:00:53]} 4. Ba4 {[%clk 01:32:03]} {[%emt 00:00:03]} Nf6
{[%clk 01:29:36]} {[%emt 00:01:02]} 5. d3 {[%clk 01:32:29]} {[%emt 00:00:05]}
b5 {[%clk 01:28:41]} {[%emt 00:01:25]} 6. Bb3 {[%clk 01:32:53]} {[%emt
00:00:06]} Be7 {[%clk 01:27:41]} {[%emt 00:01:30]} 7. O-O {[%clk 01:32:55]}
{[%emt 00:00:28]} d6 {[%clk 01:26:30]} {[%emt 00:01:42]} 8. c3 {[%clk
01:33:16]} {[%emt 00:00:09]} O-O {[%clk 01:25:39]} {[%emt 00:01:21]} 9. Re1
{[%clk 01:33:23]} {[%emt 00:00:22]} Na5 {[%clk 01:24:20]} {[%emt 00:01:49]} 10.
Bc2 {[%clk 01:33:39]} {[%emt 00:00:15]} c5 {[%clk 01:23:26]} {[%emt 00:01:24]}
11. Nbd2 {[%clk 01:31:48]} {[%emt 00:02:20]} Qc7 {[%clk 01:21:08]} {[%emt
00:02:48]} 12. Nf1 {[%clk 01:30:19]} {[%emt 00:01:59]} Bd7 {[%clk 01:17:29]}
{[%emt 00:04:10]} 13. Ng3 {[%clk 01:28:30]} {[%emt 00:02:19]} Ne8 {[%clk
01:12:43]} {[%emt 00:05:16]} 14. Nf5 {[%clk 01:18:46]} {[%emt 00:10:14]} Bf6
{[%clk 01:09:36]} {[%emt 00:03:37]} 15. h3 {[%clk 01:09:28]} {[%emt 00:09:47]}
Kh8 {[%clk 01:06:38]} {[%emt 00:03:28]} 16. Nh2 {[%clk 01:00:44]} {[%emt
00:09:14]} g6 {[%clk 01:04:31]} {[%emt 00:02:36]} 17. Bh6 {[%clk 01:00:53]}
{[%emt 00:00:22]} Rg8 {[%clk 01:01:15]} {[%emt 00:03:46]} 18. Ne3 {[%clk
01:01:12]} {[%emt 00:00:11]} Bg7 {[%clk 01:00:04]} {[%emt 00:01:41]} 19. Nd5
{[%clk 01:01:10]} {[%emt 00:00:32]} Qd8 {[%clk 00:59:21]} {[%emt 00:01:12]} 20.
Qd2 {[%clk 00:44:31]} {[%emt 00:17:10]} Be6 {[%clk 00:56:57]} {[%emt 00:02:53]}
21. b4 {[%clk 00:32:40]} {[%emt 00:12:22]} Bxd5 {[%clk 00:52:02]} {[%emt
00:05:25]} 22. exd5 {[%clk 00:32:36]} {[%emt 00:00:34]} cxb4 {[%clk 00:51:35]}
{[%emt 00:00:57]} 23. cxb4 {[%clk 00:32:57]} {[%emt 00:00:09]} Nb7 {[%clk
00:51:30]} {[%emt 00:00:35]} 24. Bxg7+ {[%clk 00:32:42]} {[%emt 00:00:45]} Kxg7
{[%clk 00:50:35]} {[%emt 00:01:25]} 25. d4 {[%clk 00:33:01]} {[%emt 00:00:12]}
f6 {[%clk 00:35:55]} {[%emt 00:15:11]} 26. Rac1 {[%clk 00:23:44]} {[%emt
00:09:48]} Kh8 {[%clk 00:35:03]} {[%emt 00:01:21]} 27. Bd1 {[%clk 00:21:45]}
{[%emt 00:02:29]} Rg7 {[%clk 00:34:06]} {[%emt 00:01:27]} 28. Rc6 {[%clk
00:21:05]} {[%emt 00:01:11]} Rc7 {[%clk 00:33:23]} {[%emt 00:01:12]} 29. Bf3
{[%clk 00:18:58]} {[%emt 00:02:37]} Ng7 {[%clk 00:30:50]} {[%emt 00:03:02]} 30.
Rec1 {[%clk 00:17:15]} {[%emt 00:02:15]} Rac8 {[%clk 00:30:35]} {[%emt
00:00:45]} 31. Qc2 {[%clk 00:11:14]} {[%emt 00:06:31]} Ne8 {[%clk 00:29:18]}
{[%emt 00:01:46]} 32. a4 {[%clk 00:11:00]} {[%emt 00:00:44]} Qe7 {[%clk
00:28:27]} {[%emt 00:01:22]} 33. axb5 {[%clk 00:09:19]} {[%emt 00:02:12]} axb5
{[%clk 00:28:40]} {[%emt 00:00:17]} 34. Qd3 {[%clk 00:04:43]} {[%emt 00:05:06]}
Nd8 {[%clk 00:27:37]} {[%emt 00:01:33]} 35. Qxb5 {[%clk 00:04:29]} {[%emt
00:00:44]} Nxc6 {[%clk 00:27:17]} {[%emt 00:00:49]} 36. dxc6 {[%clk 00:04:55]}
{[%emt 00:00:04]} e4 {[%clk 00:26:40]} {[%emt 00:01:07]} 37. Be2 {[%clk
00:05:21]} {[%emt 00:00:05]} Ng7 {[%clk 00:24:17]} {[%emt 00:02:52]} 38. d5
{[%clk 00:05:35]} {[%emt 00:00:16]} Nf5 {[%clk 00:23:58]} {[%emt 00:00:50]} 39.
Qb6 {[%clk 00:04:15]} {[%emt 00:01:51]} Qe5 {[%clk 00:22:44]} {[%emt 00:01:42]}
40. Ba6 {[%clk 00:04:11]} {[%emt 00:00:34]} Qb2 {[%clk 00:21:05]} {[%emt
00:02:09]} 41. Rf1 {[%clk 00:03:34]} {[%emt 00:01:07]} e3 {[%clk 00:18:36]}
{[%emt 00:02:59]} 42. fxe3 {[%clk 00:03:33]} {[%emt 00:00:31]} Nxe3 {[%clk
00:17:03]} {[%emt 00:02:03]} 43. Qxe3 {[%clk 00:03:48]} {[%emt 00:00:16]} Ra8
{[%clk 00:17:19]} {[%emt 00:00:13]} 44. b5 {[%clk 00:04:11]} {[%emt 00:00:06]}
1-0

[Event "DEM U12 2025"]
[Site "Willingen GER"]
[Date "2025.06.11"]
[Round "6"]
[White "Sheng, Ming"]
[Black "Nezhyvenko, Mykhaylo"]
[Result "1/2-1/2"]
[Termination "normal"]
[Board "1"]
[WhiteElo "2038"]
[BlackElo "2165"]
[WhiteClock "00:51:48"]
[BlackClock "00:58:36"]
[PlyCount "52"]
[WhiteFideId "34605258"]
[BlackFideId "34139885"]
[EventCountry "GER"]
[EventRounds "9"]
[EventType "swiss"]
[EventDate "2025.06.07"]

1. e4 {[%clk 01:30:56]} {[%emt 00:00:04]} e6 {[%clk 01:30:14]} {[%emt
00:00:47]} 2. d4 {[%clk 01:31:04]} {[%emt 00:00:20]} d5 {[%clk 01:30:11]}
{[%emt 00:00:34]} 3. Nc3 {[%clk 01:31:16]} {[%emt 00:00:18]} Nf6 {[%clk
01:30:25]} {[%emt 00:00:15]} 4. e5 {[%clk 01:31:40]} {[%emt 00:00:06]} Nfd7
{[%clk 01:30:30]} {[%emt 00:00:24]} 5. f4 {[%clk 01:31:54]} {[%emt 00:00:17]}
c5 {[%clk 01:30:25]} {[%emt 00:00:36]} 6. Nf3 {[%clk 01:32:10]} {[%emt
00:00:13]} Nc6 {[%clk 01:30:42]} {[%emt 00:00:12]} 7. Be3 {[%clk 01:32:19]}
{[%emt 00:00:22]} cxd4 {[%clk 01:31:01]} {[%emt 00:00:12]} 8. Nxd4 {[%clk
01:32:44]} {[%emt 00:00:05]} Qb6 {[%clk 01:31:10]} {[%emt 00:00:21]} 9. Qd2
{[%clk 01:32:48]} {[%emt 00:00:25]} Bc5 {[%clk 01:13:45]} {[%emt 00:17:56]} 10.
Na4 {[%clk 01:30:25]} {[%emt 00:02:52]} Qb4 {[%clk 01:13:56]} {[%emt 00:00:20]}
11. Nxc5 {[%clk 01:29:41]} {[%emt 00:01:14]} Qxd2+ {[%clk 01:13:30]} {[%emt
00:00:57]} 12. Kxd2 {[%clk 01:29:42]} {[%emt 00:00:28]} Nxc5 {[%clk 01:13:58]}
{[%emt 00:00:02]} 13. Nxc6 {[%clk 01:26:52]} {[%emt 00:03:20]} Ne4+ {[%clk
01:14:26]} {[%emt 00:00:02]} 14. Ke1 {[%clk 01:24:56]} {[%emt 00:02:25]} bxc6
{[%clk 01:14:51]} {[%emt 00:00:06]} 15. Bd3 {[%clk 01:24:22]} {[%emt 00:01:03]}
O-O {[%clk 01:14:51]} {[%emt 00:00:31]} 16. Ke2 {[%clk 01:24:03]} {[%emt
00:00:49]} a5 {[%clk 01:15:11]} {[%emt 00:00:11]} 17. Bxe4 {[%clk 01:20:48]}
{[%emt 00:03:43]} dxe4 {[%clk 01:15:39]} {[%emt 00:00:03]} 18. Bc5 {[%clk
01:20:49]} {[%emt 00:00:29]} Rd8 {[%clk 01:15:57]} {[%emt 00:00:12]} 19. Bd6
{[%clk 01:17:50]} {[%emt 00:03:28]} f5 {[%clk 01:15:56]} {[%emt 00:00:32]} 20.
Rhd1 {[%clk 01:17:51]} {[%emt 00:00:28]} Ba6+ {[%clk 01:15:54]} {[%emt
00:00:32]} 21. Ke3 {[%clk 01:14:14]} {[%emt 00:04:06]} a4 {[%clk 01:14:25]}
{[%emt 00:02:01]} 22. Rd4 {[%clk 01:03:27]} {[%emt 00:11:16]} Bc8 {[%clk
01:14:24]} {[%emt 00:00:31]} 23. Rad1 {[%clk 01:01:33]} {[%emt 00:02:24]} Ra5
{[%clk 00:58:50]} {[%emt 00:16:04]} 24. Bc7 {[%clk 00:53:43]} {[%emt 00:08:18]}
Rxd4 {[%clk 00:59:05]} {[%emt 00:00:16]} 25. Rxd4 {[%clk 00:54:11]} {[%emt
00:00:01]} Ra8 {[%clk 00:59:17]} {[%emt 00:00:20]} 26. Rb4 {[%clk 00:51:48]}
{[%emt 00:02:51]} Kf7 {[%clk 00:58:36]} {[%emt 00:09:57]} 1/2-1/2

[Event "DEM U12 2025"]
[Site "Willingen GER"]
[Date "2025.06.11"]
[Round "6"]
[White "Belin, Anton"]
[Black "Peglau, Paul David"]
[Result "0-1"]
[Termination "normal"]
[Board "2"]
[WhiteElo "2061"]
[BlackElo "1959"]
[WhiteClock "00:14:44"]
[BlackClock "00:31:53"]
[PlyCount "62"]
[WhiteFideId "34610952"]
[BlackFideId "16290550"]
[EventCountry "GER"]
[EventRounds "9"]
[EventType "swiss"]
[EventDate "2025.06.07"]

1. e4 {[%clk 01:30:54]} {[%emt 00:00:06]} e5 {[%clk 01:30:54]} {[%emt
00:00:07]} 2. Nf3 {[%clk 01:30:55]} {[%emt 00:00:28]} Nc6 {[%clk 01:31:19]}
{[%emt 00:00:06]} 3. Bb5 {[%clk 01:30:58]} {[%emt 00:00:27]} a6 {[%clk
01:31:41]} {[%emt 00:00:08]} 4. Ba4 {[%clk 01:30:48]} {[%emt 00:00:40]} b5
{[%clk 01:32:00]} {[%emt 00:00:12]} 5. Bb3 {[%clk 01:30:59]} {[%emt 00:00:18]}
Na5 {[%clk 01:32:21]} {[%emt 00:00:10]} 6. Nxe5 {[%clk 01:28:09]} {[%emt
00:03:19]} Nxb3 {[%clk 01:32:41]} {[%emt 00:00:11]} 7. axb3 {[%clk 01:27:53]}
{[%emt 00:00:46]} Qg5 {[%clk 01:33:05]} {[%emt 00:00:06]} 8. Nf3 {[%clk
01:13:12]} {[%emt 00:15:11]} Qxg2 {[%clk 01:33:25]} {[%emt 00:00:10]} 9. Rg1
{[%clk 01:13:34]} {[%emt 00:00:07]} Qh3 {[%clk 01:33:53]} {[%emt 00:00:02]} 10.
d3 {[%clk 01:11:17]} {[%emt 00:02:48]} Bb7 {[%clk 01:31:34]} {[%emt 00:02:50]}
11. Bf4 {[%clk 01:10:42]} {[%emt 00:01:04]} d6 {[%clk 01:29:40]} {[%emt
00:02:24]} 12. Nc3 {[%clk 01:05:49]} {[%emt 00:05:23]} Ne7 {[%clk 01:28:12]}
{[%emt 00:01:58]} 13. Qe2 {[%clk 01:02:45]} {[%emt 00:03:34]} Ng6 {[%clk
01:27:07]} {[%emt 00:01:35]} 14. Bg3 {[%clk 01:01:24]} {[%emt 00:01:50]} Be7
{[%clk 01:23:43]} {[%emt 00:03:55]} 15. Nd2 {[%clk 00:53:04]} {[%emt 00:08:50]}
h5 {[%clk 01:14:36]} {[%emt 00:09:38]} 16. f3 {[%clk 00:47:36]} {[%emt
00:05:57]} h4 {[%clk 01:12:07]} {[%emt 00:02:59]} 17. Bf2 {[%clk 00:47:54]}
{[%emt 00:00:12]} Qxh2 {[%clk 01:10:58]} {[%emt 00:01:39]} 18. O-O-O {[%clk
00:44:41]} {[%emt 00:03:42]} O-O-O {[%clk 01:08:17]} {[%emt 00:03:11]} 19. d4
{[%clk 00:39:38]} {[%emt 00:05:34]} Nf4 {[%clk 01:00:47]} {[%emt 00:08:00]} 20.
Qe3 {[%clk 00:35:59]} {[%emt 00:04:09]} Nh3 {[%clk 01:00:17]} {[%emt 00:00:59]}
21. Rgf1 {[%clk 00:35:13]} {[%emt 00:01:16]} Bg5 {[%clk 00:59:29]} {[%emt
00:01:19]} 22. Qe2 {[%clk 00:30:00]} {[%emt 00:05:43]} Nxf2 {[%clk 00:57:35]}
{[%emt 00:02:23]} 23. Rxf2 {[%clk 00:29:59]} {[%emt 00:00:31]} Qf4 {[%clk
00:57:42]} {[%emt 00:00:24]} 24. Qf1 {[%clk 00:29:11]} {[%emt 00:01:17]} h3
{[%clk 00:51:22]} {[%emt 00:06:50]} 25. Ne2 {[%clk 00:26:57]} {[%emt 00:02:44]}
Qh4 {[%clk 00:51:00]} {[%emt 00:00:52]} 26. Rh2 {[%clk 00:26:39]} {[%emt
00:00:48]} Bxd2+ {[%clk 00:44:54]} {[%emt 00:06:37]} 27. Rxd2 {[%clk 00:26:51]}
{[%emt 00:00:18]} f5 {[%clk 00:38:37]} {[%emt 00:06:46]} 28. exf5 {[%clk
00:24:22]} {[%emt 00:02:59]} Rde8 {[%clk 00:36:07]} {[%emt 00:03:01]} 29. Rd1
{[%clk 00:19:33]} {[%emt 00:05:19]} Re3 {[%clk 00:32:07]} {[%emt 00:04:31]} 30.
Ng1 {[%clk 00:18:06]} {[%emt 00:01:56]} Qf4 {[%clk 00:31:47]} {[%emt 00:00:50]}
31. Rdd2 {[%clk 00:14:44]} {[%emt 00:03:51]} Rhe8 {[%clk 00:31:53]} {[%emt
00:00:25]} 0-1